000 00909nam a2200289 a 4500
001 000021900
003 DO-SdBNP
005 20210809124908.0
007 000021900
008 100914s2012 dr ac 001 0 spa d
020 _a9789945874914
040 _aBPMSU
_bspa
_cBPMSU
082 _a791.43
_bF685e 2012
_222
100 1 _aFortunato, René
_d1958-
245 1 0 _aEscritos sobre cine /
_cRené Fortunato.
260 _aSanto Domingo :
_bEditora Corripio,
_c2012.
300 _a438 p. :
_bil., retrs. ;
_c25 cm.
500 _aIncluye índice onomástico
500 _aIncluye datos biográficos del autor en la solapa de la cubierta
590 _6Inventariado, 2021/VM
650 4 _aCine dominicano
_x Historia y crítica.
650 4 _aCine
_xProducción y dirección.
650 4 _a Cine
_zRepública Dominicana
650 4 _aCine
_xTemas, motivos.
910 _aVMateo V.
942 _2ddc
_cBK
999 _c8134
_d8134